000 00680nam a2200289Ia 4500
005 20260324135513.0
008 008 260324s9999 xx 000 0 eng d
020 _a9780203354858
037 _aEBOOK
040 _aCRL
040 _beng
040 _cCRL
041 _2eng
041 _aeng
084 _qCRL
100 _aSheila Whiteley
_91192093
245 0 _aWomen and Popular Music
245 0 _bSexuality, Identity and Subjectivity
260 _bTaylor and Francis
260 _c2000
365 _a
365 _b230
856 _uhttp://www.taylorfrancis.com/books/9780203354858
942 _cEBOOK
999 _c1801969
_d1801969